<?xml version="1.0" encoding="UTF-8"?>
<record
    xmlns:xsi="http://www.w3.org/2001/XMLSchema-instance"
    xsi:schemaLocation="http://www.loc.gov/MARC21/slim http://www.loc.gov/standards/marcxml/schema/MARC21slim.xsd"
    xmlns="http://www.loc.gov/MARC21/slim">

  <leader>00950    a2200205   4500</leader>
  <controlfield tag="003">UA-OsUOA</controlfield>
  <controlfield tag="005">20260514121359.0</controlfield>
  <controlfield tag="008">260514b        un ||||| |||| 00| 0 ukr d</controlfield>
  <datafield tag="040" ind1=" " ind2=" ">
    <subfield code="a">UA-OsUOA</subfield>
    <subfield code="b">ukr</subfield>
    <subfield code="c">UA-OsUOA</subfield>
    <subfield code="d">UA-OsUOA</subfield>
  </datafield>
  <datafield tag="041" ind1=" " ind2=" ">
    <subfield code="a">ukr</subfield>
  </datafield>
  <datafield tag="080" ind1=" " ind2=" ">
    <subfield code="a">09:631/635</subfield>
  </datafield>
  <datafield tag="090" ind1=" " ind2=" ">
    <subfield code="a">09:631/635</subfield>
    <subfield code="b">&#x423;67</subfield>
  </datafield>
  <datafield tag="245" ind1=" " ind2=" ">
    <subfield code="a">&#x423;&#x43F;&#x440;&#x430;&#x432;&#x430; &#x437;&#x435;&#x43C;&#x43B;&#x456; &#x432; &#x41A;&#x430;&#x43D;&#x430;&#x434;&#x456; &#x456; &#x417;&#x454;&#x434;. &#x414;&#x435;&#x440;&#x436;&#x430;&#x432;&#x430;&#x445; &#x43F;&#x456;&#x441;&#x43B;&#x44F; &#x43D;&#x430;&#x439;&#x43D;&#x43E;&#x432;&#x456;&#x448;&#x43E;&#x457; &#x441;&#x438;&#x441;&#x442;&#x435;&#x43C;&#x438; &#x456; &#x434;&#x43E;&#x441;&#x44C;&#x432;&#x456;&#x434;&#x443; &#x2013; &#x432;&#x441;&#x435; &#x43F;&#x440;&#x43E; &#x434;&#x43E;&#x431;&#x440;&#x435; &#x444;&#x430;&#x440;&#x43C;&#x435;&#x440;&#x441;&#x442;&#x432;&#x43E;</subfield>
    <subfield code="b">3 72 &#x43E;&#x431;&#x440;&#x430;&#x437;&#x43A;&#x430;&#x43C;&#x438; </subfield>
    <subfield code="c">&#x437;&#x43B;&#x430;&#x434;&#x438;&#x432; &#x43F;&#x456;&#x441;&#x43B;&#x44F; &#x43D;&#x430;&#x439;&#x43A;&#x440;&#x430;&#x441;&#x448;&#x438;&#x445; &#x456; &#x43D;&#x430;&#x439;&#x43D;&#x43E;&#x432;&#x456;&#x448;&#x438;&#x445; &#x430;&#x43D;&#x491;&#x43B;&#x456;&#x439;&#x441;&#x44C;&#x43A;&#x438;&#x445; &#x43F;&#x456;&#x434;&#x440;&#x443;&#x447;&#x43D;&#x438;&#x43A;&#x456;&#x432; &#x41C;. &#x41C;. &#x411;. </subfield>
  </datafield>
  <datafield tag="260" ind1=" " ind2=" ">
    <subfield code="b">Ukrainska Knyharnia </subfield>
    <subfield code="c">&#x411;. &#x440;.</subfield>
    <subfield code="a">Winnipeg</subfield>
  </datafield>
  <datafield tag="300" ind1=" " ind2=" ">
    <subfield code="a">128 &#x441;.</subfield>
  </datafield>
  <datafield tag="650" ind1=" " ind2=" ">
    <subfield code="2">UDC</subfield>
    <subfield code="a">09 &#x420;&#x443;&#x43A;&#x43E;&#x43F;&#x438;&#x441;&#x438;. &#x420;&#x430;&#x440;&#x438;&#x442;&#x435;&#x442;&#x438; &#x456; &#x440;&#x456;&#x434;&#x43A;&#x456;&#x441;&#x43D;&#x456; &#x43A;&#x43D;&#x438;&#x433;&#x438;</subfield>
    <subfield code="9">24621</subfield>
  </datafield>
  <datafield tag="942" ind1=" " ind2=" ">
    <subfield code="c">RB</subfield>
    <subfield code="2">udc</subfield>
  </datafield>
  <datafield tag="955" ind1=" " ind2=" ">
    <subfield code="a">4</subfield>
  </datafield>
  <datafield tag="999" ind1=" " ind2=" ">
    <subfield code="c">580701</subfield>
    <subfield code="d">580701</subfield>
  </datafield>
  <datafield tag="952" ind1=" " ind2=" ">
    <subfield code="0">0</subfield>
    <subfield code="1">0</subfield>
    <subfield code="2">udc</subfield>
    <subfield code="4">0</subfield>
    <subfield code="7">0</subfield>
    <subfield code="a">300</subfield>
    <subfield code="b">300</subfield>
    <subfield code="d">2026-05-14</subfield>
    <subfield code="e">&#x2116;16/13.05.2026 (&#x406;&#x414;&#x423;&#x414;)</subfield>
    <subfield code="g">1.00</subfield>
    <subfield code="i">300905</subfield>
    <subfield code="l">0</subfield>
    <subfield code="o">09:631/635 &#x423;67</subfield>
    <subfield code="p">300905</subfield>
    <subfield code="r">2026-05-14 11:53:36</subfield>
    <subfield code="v">1.00</subfield>
    <subfield code="w">2026-05-14</subfield>
    <subfield code="y">RB</subfield>
    <subfield code="z">&#x41E;&#x442;&#x440;&#x438;&#x43C;&#x430;&#x43D;&#x43E; &#x432; &#x434;&#x430;&#x440; &#x432;&#x456;&#x434; &#x420;&#x43E;&#x43C;&#x430;&#x43D;&#x430; &#x404;&#x440;&#x438;&#x43D;&#x44E;&#x43A;&#x430;</subfield>
  </datafield>
</record>
